000 01103nas a2200325 4500
001 BR2015000223
003 BR-BrBNA
005 20231205124918.0
007 ta
008 230509b bl.|||p| |||| 00| 00por d
040 _aBR-BrBNA
_bpor
_cBiblioteca Nacional de Agricultura
041 _a(Pt)
072 _aK70
100 1 _aSouza, C.G.
100 1 _aZanella, L.
100 1 _aBorém, R.A.T.
100 1 _aCarvalho, L.M.T. de
100 1 _aAlves, H.M.R.
100 1 _aVolpato, M.M.L.
245 1 _aAnálise da fragmentação florestal da Área de Proteção Ambiental Coqueiral, Coqueiral - MG
246 1 _aAnalysis of forest fragmentation of coqueiral environmental protection area, in Coqueiral, Minas Gerais state
650 _aPRESERVACAO DA NATUREZA
650 _aPOVOAMENTO FLORESTAL
650 _aPROTECAO FLORESTAL
650 _aSISTEMA DE INFORMACAO
650 _aPROGRAMA DE COMPUTADOR
773 0 _tCiência Florestal (Brazil)
_xISSN 0103-9954
_g(Jul-Sep 2014), v. 24(3) p. 631-644
_wBR2015000223
909 _a202311
_bLúcia
_c55
_dLúcia Elande
942 _2AGRIS
_n0
_cANA
999 _c241586
_d241586